Kültür politikaları ve yönetimi (Record no. 9743)

MARC details
000 -BAŞLIK
Sabit Uzunlukta Kontrol Alanı 00994na a2200289 4500
001 - KONTROL NUMARASI
Denetim Alanı 22107
003 - KONTROL NUMARASI IDENTIFIER
Denetim Alanı MIRAKIL
005 - SON İŞLEM TARİHİ VE ZAMANI
Denetim Alanı 20181213155255.0
008 - SABİT-BOY VERİ ELEMANLARI - GENEL BİLGİLER
Sabit Uzunlukta Kontrol Alanı 170210b tu 000 0
020 ## - ULUSLARARASI STANDART KİTAP NUMARASI
Uluslararası Standart Kitap Numarası 9786053991304
035 ## - SİSTEM KONTROL NUMARASI
Sistem Kontrol Numarası 22107
040 ## - KATALOGLAMA KAYNAK
Orijinal Kataloglama Ajansı Milas
Kataloglama Dili tur
Metne Dönüştürmek Ajansı TR-AnCHP
041 ## - DİL KODU
Metin / Ses Parça Veya Ayrı Başlığın Dil Kodu tur
082 ## - DEWEY ONLU SINIFLANDIRMA NUMARASI
Sınıflandırma Numarası 306
Ürün Numarası K94 2009
090 ## - SINIFLAMA NUMARASI
Sınıflama Numarası 306 K94 2009
245 ## - BAŞLIK TABLOSU
Başlık Kültür politikaları ve yönetimi
Başlığın Kalan yıllık 2009
Sorumluluk Tablosu, Vb İstanbul Bilgi Üniversitesi
246 ## - UNVAN FORM VARYING
Başlık Doğru / Kısa Başlığı Kültür politikaları ve kentler
260 ## - YAYIN, DAĞITIM, VB
Yayın, Dağıtım, Vb Yeri İstanbul
Yayıncı, Dağıtıcı, Vs Adı İstanbul Bilgi Üniversitesi Yayınları
Yayın, Dağıtım, Vb Tarihi 2016
300 ## - FİZİKSEL TANIM
Kapsam 189 s.
Diğer Fiziksel Ayrıntıları fotg.
Boyutlar 24 sm.
490 ## - SERİSİ TABLOSU
Seri Beyanı İstanbul Bilgi Üniversitesi yayınları
Hacim / Ardışık Tanımı 268
490 ## - SERİSİ TABLOSU
Seri Beyanı Kültürel İncelemeler
Hacim / Ardışık Tanımı 4
500 ## - GENEL NOT
Genel Not Dış kapakta adı: Kültür politikaları ve yönetimi (KPY) yıllık 2009
650 ## - KONU KATMA GİRİŞ - TOPİKAL DÖNEM
Topikal Süreli Veya Coğrafi Ad Giriş Elemanı Avrupa
Genel Alt Bölümü Kültür politikaları
Kronolojik Alt Bölümü Yönetim
650 ## - KONU KATMA GİRİŞ - TOPİKAL DÖNEM
Topikal Süreli Veya Coğrafi Ad Giriş Elemanı Kültür politikaları
Genel Alt Bölümü Yönetim
Coğrafi Alt Bölümü Türkiye
740 ## - KATMA GİRİŞ - KONTROLSUZ İLGİLİ / ANALİTİK BAŞLIK
Kontrol Edilmeyen / İlgili Analitik Başlıktaki Kültür politikaları ve kentler
942 ## - EKLENDİ GİRİŞ ELEMANLARI (KOHA)
Sınıflandırma Veya Raf Düzeni Kaynak Dewey Decimal Classification
Koha Öğesi Türü Books
999 ## - SİSTEM KONTROL NUMARALARI (KOHA)
Koha Biblionumber 9743
Koha Biblioitemnumber 9743
Holdings
Kalıcı Konum Mevcut Konum Edinme Tarihi Edinim Kaynak Toplam Check-Out'Lar Tam Çağrı Numarası Barkod Tarih Son Görülme İtibaren Geçerli Fiyatlar Koha Öğesi Türü
CHP Kütüphanesi CHP Kütüphanesi 02/10/2017 Bağış   306 K94 2009 012382 02/10/2017 02/10/2017 Books